Chargement en cours…

Historia de la brujería

Détails bibliographiques
Cote:BF1566 D6.68
Auteur principal: Donovan, Frank Robert, 1906-
Format: Livre
Langue:Español
Publié: Madrid : Alianza, 1978
Collection:Libro de Bolsillo
Humanidades ; 681
Sujets:

MARC

LEADER 00000nam a2900000 4500
001 000035607
005 20061219222600.0
008 961707s1978 a 000 spa d
050 4 |a BF1566  |b D6.68 
090 |a BF1566  |b D6.68 
100 1 |a Donovan, Frank Robert,  |d 1906- 
245 1 |a Historia de la brujería 
260 |a Madrid :  |b Alianza,  |c 1978 
300 |a 240 p. :  |b il. 
440 0 |a Libro de Bolsillo 
440 0 |a Humanidades ;  |v 681 
650 4 |a Brujería  |x Historia 
650 4 |a Magia  |x Historia 
905 |a LIBROS 
949 |a Biblioteca UAM Iztapalapa  |b Colección General  |c BF1566 D6.68